|
|
|
|
| LEADER |
00000cam a2200000 7i4500 |
| 001 |
0000301201 |
| 005 |
20230310120540.0 |
| 006 |
### ### |
| 007 |
t |
| 008 |
220719t20212021my o # 1 may |
| 020 |
|
|
|a 9789834931735
|
| 040 |
|
|
|a MBPJ
|b eng
|c MBPJ
|e rda
|
| 090 |
0 |
0 |
|a 616.891656
|b RAF
|
| 100 |
0 |
|
|a Rafidah Kastawi ,
|e author
|
| 245 |
1 |
0 |
|a TERAPI SENI EKSPRESIF
|c Rafidah Kastawi
|
| 264 |
|
1 |
|a Kuala Lumpur :
|b Dewan Bahasa dan Pustaka
|c 2021
|
| 264 |
|
4 |
|c ©2021
|
| 300 |
|
|
|a xi, 116 pages :
|b photographs ;
|c 22 cm.
|
| 336 |
|
|
|a still image
|2 rdacontent
|
| 336 |
|
|
|a text
|2 rdacontent
|
| 337 |
|
|
|a unmediated
|2 rdamedia
|
| 338 |
|
|
|a volume
|2 rdacarrier
|
| 500 |
|
|
|a Includes index
|
| 650 |
|
0 |
|a Art therapy
|
| 650 |
|
0 |
|a Counseling
|
| 650 |
|
0 |
|a Government publications
|z Malaysia
|
| 999 |
|
|
|a 00389791
|b BUKU
|c PINJAMAN
|e PERPUSTAKAAN KOMUNITI PETALING JAYA
|